1011 1834 1279 1468 1736 1362 1218 1359 1152 1992 1245 1620 1756 1288 1890 1571 1038 1122 1830 1513 1544 1552 1147 1045 1759 1527 1751 1877 1994 1703 1049 1785 1679 1406 1497 1075 1796 1803 1537 1242 1886 1300 1918 1143 1342 1795 1120 1479 1485 1307 1806 1023 1009 1544 1674 1843 1556 1195 1320 1384 1185 1053 1758 1104 1419 1225 1795 1827 1074 1350 1157 1308 1334 1186 1843 1317 1750 1332 1904 1751 1849 1548 1224 1447 1745 1048 1990 1616 1860 1979 1373 1730 1666 1630 1499 1893 1356 1992 1816 BCNSPRNW ULIB Ver.6.0+V

เปลี่ยนเป็นภาษาไทย

Change to English
 แสดงรายละเอียดบรรณานุกรม
  กลับหน้าหลัก

Brief Record : Get Marc (ISO 2709) : E-mail record : QR code < ปิดหน้าต่าง
LEADER : 00000nam 2200000uu 4500
001    13399123701
003     ULIB
008    020711s2549 th a 000 0 tha d
020    9748498182
099    วจ.WY18^bส882ป
100    สุวิมล มณีโชติ
245    ปัจจัยที่สัมพันธ์กับความสำเร็จในการสอบขึ้นทะเบียนรับใบอนุญาติประกอบวิชาชีพ ของผู้สำเร็จการศึกษาจาก วิทยาลัยพยาบาลบรมราชชนนี ตรัง/^cโดย สุวิมล มณีโชติ และปัทมา แคนยุกต์
260    ตรัง :^bวิทยาลัยพยาบาลบรมราชชนนี ตรัง,^c2549
300    71 หน้า
650    การสอบขึ้นทะเบียนรับใบอนุญาติ^xวิจัย
700    ปัทมา แคนยุกต์
710    วิทยาลัยพยาบาลบรมราชชนนี ตรัง
945    ^p0^l0^i020942
รายการนี้ยังไม่มีแท็ก
คุณยังไม่ได้ล็อกอิน คุณสามารถมีกิจกรรมร่วมกับเว็บไซต์ได้ แต่ต้องล็อกอินก่อน ::
  ล็อกอิน

รายการสื่อสารสนเทศ

ลำดับที่ ประเภท เลขเรียก/บาร์โค้ด สถานที่ สถานะ
1. งานวิจัย
งานวิจัย
วจ.WY18 ส882ป ฉ.1 
  Barcode: 020942
ห้องสมุดวิทยาเขตสวรรค์ประชารักษ์
►วิจัย
บนชั้น

รายการใกล้เคียง
    ผู้แต่ง [สุวิมล มณีโชติ]

BibComment


ยังไม่เคยถูกคอมเมนท์

คอมเมนท์ทรัพยากรรายการนี้
  คอมเมนท์: ปัจจัยที่สัมพันธ์..


 Copyright 2026. Bcnsprnw @Library